Plus grandes villes d'Asie - extrême - Statistiques

Statistiques générales
  • Ce quiz a été pris 189 fois
  • Le résultat moyen est 80 sur 199
Statistiques - réponses
Population Pays Villes % Correct
31.6 mil Indonésie Jakarta
100%
42.7 mil Japon Tokyo
100%
25.5 mil Corée du Sud Séoul
99%
26.2 mil Chine Shanghai
99%
24.3 mil Inde Bombay
98%
18.9 mil Thaïlande Bangkok
97%
26.4 mil Inde Delhi
97%
21.5 mil Chine Pékin
97%
5.50 mil Turquie Ankara
96%
15.0 mil Turquie Istanbul
96%
19.7 mil Japon Osaka - Kyoto - Kobe
96%
15.9 mil Iran Téhéran
96%
13.0 mil Irak Bagdad
95%
24.1 mil Philippines Manille
95%
7.87 mil Viêt-Nam Hanoï
94%
18.6 mil Bangladesh Dacca
93%
8.17 mil Malaisie Kuala Lumpur
91%
8.08 mil Singapour Singapour
91%
5.42 mil Emirats Arabe Unis Dubaï
90%
7.58 mil Chine Hong Kong
90%
8.03 mil Pakistan Islamabad - Rawalpindi
90%
4.72 mil Koweït Koweït
90%
6.92 mil Arabie Saoudite Riyad
89%
16.6 mil Pakistan Karachi
88%
3.47 mil Corée du Nord Pyongyang
88%
9.15 mil Taïwan Taipei
88%
16.8 mil Inde Calcutta
87%
2.91 mil Liban Beyrouth
86%
13.6 mil Viêt-Nam Hô Chi Minh-Ville
86%
1.93 mil Emirats Arabes Unis Abu Dhabi
85%
3.68 mil Syrie Damas
84%
2.36 mil Qatar Doha
83%
5.09 mil Afghanistan Kaboul
81%
6.10 mil Jordanie Amman
79%
1.98 mil Arménie Erevan
79%
3.41 mil Népal Katmandou
79%
1.42 mil Palestine Jérusalem "Est"
78%
3.24 mil Cambodge Phnom Penh
78%
2.95 mil Yémen Sanaa
78%
3.95 mil Israël Tel Aviv-Jaffa
78%
11.3 mil Japon Nagoya
77%
10.8 mil Chine Wuhan
77%
1.47 mil Mongolie Oulan-Bator
76%
2.83 mil Azerbaïdjan Bakou
75%
13.1 mil Inde Bangalore
75%
6.08 mil Sri Lanka Colombo
73%
1.44 mil Géorgie Tbilissi
73%
3.42 mil Ouzbékistan Tachkent
72%
8.06 mil Corée du Sud Busan
71%
12.3 mil Pakistan Lahore
71%
1.96 mil Arabie Saoudite La Mecque
71%
1.44 mil Oman Mascate
71%
4.32 mil Turquie Izmir
68%
12.8 mil Chine Xi'an
67%
14.6 mil Chine Chengdu
65%
12.8 mil Chine Shenzhen
65%
12.9 mil Inde Chennai
64%
15.7 mil Chine Tianjin
64%
1.72 mil Syrie Alep
63%
14.7 mil Inde Hyderabad
62%
3.19 mil Pakistan Hyderâbâd
62%
15.3 mil Chine Chongqing
61%
13.7 mil Chine Xiamen-Quanzhou
60%
2.46 mil Turquie Antalya
59%
1.88 mil Japon Hiroshima
58%
8.05 mil Inde Ahmedabad
57%
8.49 mil Indonésie Bandung
57%
1.50 mil Bahreïn Manama
56%
10.8 mil Indonésie Surabaya
56%
4.08 mil Arabie Saoudite Djeddah
55%
7.37 mil Myanmar Rangoon
54%
4.11 mil Bangladesh Chittagong
52%
2.62 mil Japon Sapporo
52%
1.94 mil Palestine Gaza
51%
1.60 mil Tadjikistan Douchanbé
50%
8.43 mil Chine Nankin
50%
3.21 mil Inde Jaipur
49%
31.4 mil Chine Guangzhou
47%
6.22 mil Inde Pune
46%
3.55 mil Chine Ürümqi
45%
5.28 mil Chine Harbin
44%
4.29 mil Japon Fukuoka
43%
1.41 mil Chine Macao
43%
1.91 mil Kazakhstan Almaty
42%
3.56 mil Iran Ispahan
40%
10.0 mil Chine Hangzhou
38%
1.76 mil Yémen Aden
37%
2.84 mil Philippines Cebu
37%
1.74 mil Inde Agra
35%
4.08 mil Chine Dalian
35%
5.18 mil Indonésie Medan
35%
3.06 mil Chine Fuzhou
34%
4.67 mil Chine Kunming
34%
6.35 mil Chine Qingdao
34%
8.29 mil Chine Shenyang
34%
6.63 mil Inde Surate
34%
7.90 mil Pakistan Faisalabad
33%
3.86 mil Chine Hefei
33%
3.08 mil Inde Lucknow
33%
2.48 mil Myanmar Mandalay
32%
10.7 mil Chine Suzhou - Wuxi - Changzhou
31%
3.38 mil Corée du Sud Daegu
30%
5.81 mil Chine Zhengzhou
30%
2.99 mil Turquie Bursa
28%
5.28 mil Chine Changsha
28%
1.74 mil Japon Sendai
28%
2.23 mil Indonésie Denpasar
26%
2.60 mil Inde Nagpur
26%
14.2 mil Chine Shantou
26%
4.69 mil Chine Jinan
25%
3.01 mil Iran Mechhed
25%
1.67 mil Chine Nanning
25%
3.80 mil Irak Bassorah
24%
1.97 mil Turquie Gaziantep
24%
3.62 mil Inde Kanpur
24%
2.16 mil Turquie Konya
24%
2.51 mil Philippines Davao
23%
2.16 mil Inde Indore
23%
1.44 mil Thaïlande Pattaya
22%
4.41 mil Chine Zibo
22%
1.88 mil Inde Bhopal
21%
4.36 mil Chine Changchun
21%
1.75 mil Irak Erbil
21%
2.98 mil Chine Lanzhou
21%
4.17 mil Chine Nanchang
20%
3.52 mil Chine Taiyuan
20%
2.80 mil Inde Patna
19%
4.26 mil Pakistan Peshawar
19%
1.50 mil Inde Rajkot
19%
2.40 mil Arabie Saoudite Dammam
18%
3.61 mil Taïwan Kaohsiung
18%
7.24 mil Indonésie Semarang
18%
4.30 mil Chine Shijiazhuang
18%
1.56 mil Iran Shiraz
18%
2.15 mil Inde Coimbatore
17%
4.05 mil Taïwan Taichung - Changhua
17%
3.48 mil Chine Guiyang
16%
1.69 mil Corée du Sud Gwangju
16%
4.75 mil Pakistan Multan
16%
1.55 mil Iran Tabriz
16%
1.88 mil Taïwan Tainan
15%
4.01 mil Indonésie Yogyakarta
15%
3.97 mil Turquie Adana - Mersin
14%
1.46 mil Inde Madurai
14%
2.03 mil Corée du Sud Daejeon
13%
5.98 mil Indonésie Surakarta
13%
1.51 mil Corée du Sud Ulsan
13%
1.65 mil Chine Xuzhou
13%
2.11 mil Inde Cochin
12%
2.54 mil Indonésie Palembang
12%
1.97 mil Chine Jilin
11%
2.27 mil Pakistan Quetta
11%
2.40 mil Malaisie Johor Bahru
10%
2.79 mil Indonésie Malang
10%
1.81 mil Inde Vadodara
10%
2.06 mil Inde Meerut
9%
3.74 mil Chine Anshan - Liaoyang
8%
1.51 mil Inde Bénarès
8%
1.84 mil Inde Nasik
8%
5.61 mil Inde Visakhapatnam
8%
1.47 mil Indonésie Bandar Lampung
7%
2.94 mil Pakistan Gujranwala
7%
1.83 mil Turquie Izmit
7%
2.41 mil Malaisie Penang
7%
1.55 mil Turquie Antioche
6%
1.49 mil Malaisie Ipoh
6%
2.25 mil Indonésie Macassar
6%
3.35 mil Chine Tangshan
6%
1.53 mil Chine Baotou
5%
1.67 mil Turquie Diyarbakir
5%
1.65 mil Chine Luoyang
5%
1.62 mil Japon Shizuoka
5%
1.43 mil Chine Handan
4%
1.47 mil Chine Huainan
4%
1.61 mil Bangladesh Khulna
4%
1.70 mil Inde Ludhiana
4%
1.49 mil Inde Vijayawada
4%
2.54 mil Indonésie Cirebon
3%
1.77 mil Jordanie Irbid
3%
1.42 mil Chine Qiqihar
3%
1.66 mil Inde Bhubaneshwar
2%
1.60 mil Viêt Nam Can Tho
2%
2.03 mil Inde Kozhikode
2%
1.61 mil Yémen Ta'izz
2%
1.64 mil Chine Yinchuan
2%
1.75 mil Chine Zhanjiang
2%
1.90 mil Indonésie Banjarmasin
1%
1.94 mil Chine - Corée du Nord Dandong - Sinŭiju
1%
2.37 mil Pakistan Mardan
1%
1.40 mil Chine Pingxiang
1%
1.68 mil Inde Thiruvananthapuram
1%
1.44 mil Chine Zhangjiakou
1%
1.64 mil Inde Cannanore
0%
2.10 mil Viêt-Nam Hải Phòng
0%
1.69 mil Inde Malappuram
0%
1.94 mil Turquie Şanliurfa
0%
1.48 mil Pakistan Sukkur
0%
1.85 mil Inde Thrissur
0%
1.61 mil Chine Yancheng
0%
Aucun quiz correspondant
Distribution des résultats
% des personnes avec chaque résultat
Percentile par nombre de réponses
Votre historique - résultats
Vous n’avez pas pris ce quiz